Statistics for Top 10 Left-Handed QBs ever

Click here to take the quiz!

General Stats

  • This quiz has been taken 18 times
  • The average score is 4 of 10

Answer Stats

Answer% Correct
Steve Young
100%
Michael Vick
79%
Tua Tagovailoa
64%
Ken Stabler
43%
Boomer Esiason
36%
Mark Brunell
21%
Tim Tebow
21%
Jim Zorn
14%
Matt Leinart
14%
Scott Mitchell
7%

Score Distribution

Percentile by Number Answered

Percent of People with Each Score

Your Score History

You have not taken this quiz